| 000 | 00740pam a2200253 a 4500 | ||
|---|---|---|---|
| 001 | 1477664 | ||
| 003 | OSt | ||
| 005 | 20250901165702.0 | ||
| 008 | 870630s1988 nyu 000 1 eng | ||
| 010 | _a 87017124 | ||
| 020 | _a0689119305 | ||
| 040 |
_aDLC _cDLC _dDLC |
||
| 041 | 1 | _aengger | |
| 050 | 0 | 0 |
_aPT 2662 .I39 Z2413 1988 _bZ2413 1988 |
| 082 | 0 | 0 |
_a833/.914 _219 |
| 100 | 1 |
_aBienek, Horst, _d1930-1990. |
|
| 240 | 1 | 0 |
_aZeit ohne Glocken. _lEnglish |
| 245 | 1 | 0 |
_aTime without bells / _cHorst Bienek ; translated by Ralph R. Read. |
| 260 |
_aNew York : _bAtheneum, _c1988. |
||
| 300 |
_a338 p. ; _c22 cm. |
||
| 500 | _aTranslation of: Zeit ohne Glocken. | ||
| 906 |
_a7 _bcbc _corignew _d1 _eocip _f19 _gy-gencatlg |
||
| 942 |
_2lcc _cBK |
||
| 999 |
_c7753 _d7753 |
||